Skład reprezentacji Polski na Mistrzostwach Świata 2002 - Statystyki

Ogólne statystyki
  • Ten quiz został rozwiązany 36 razy
  • Średni wynik to 19 z 23
Statystyki odpowiedzi
Nazwisko % Poprawnych
Jerzy Dudek
100%
Emmanuel Olisadebe
97%
Tomasz Hajto
97%
Arkadiusz Bąk
93%
Jacek Bąk
93%
Marcin Żewłakow
93%
Michał Żewłakow
93%
Piotr Świerczewski
93%
Maciej Żurawski
90%
Paweł Kryszałowicz
86%
Tomasz Wałdoch
86%
Jacek Krzynówek
83%
Radosław Majdan
83%
Arkadiusz Głowacki
79%
Radosław Kałużny
79%
Tomasz Rząsa
76%
Adam Matysek
72%
Jacek Zieliński
69%
Marek Koźmiński
69%
Tomasz Kłos
69%
Cezary Kucharski
59%
Paweł Sibik
52%
Maciej Murawski
45%
Nie znaleziono quizów pasujących do podanych kryteriów
Rozkład punktacji
Procent ludzi z każdym wynikiem
Percentyl według liczby udzielonych odpowiedzi
Twoja historia wyników
Nie rozwiązałeś tego quizu